00601nam a2200193Ia 4500008004100000020001800041050001400059100001600073245002500089245006200114245001900176260001500195260001600210260000900226300001600235300002400251999001900275952011300294170918s9999 xx 000 0 und d a9789810900298 bP639 2014 aPilkey, Dav aCaptain underpants : band the tyrannical retaliation of the turbo toilet 2000 / cby Dav Pilkey. aNew York : bScholastic, c2014 a220 pages : eCaptain underpants. c343767d343767 001040aSSISMbSSISMd2017-09-18l0oGS FIC P639 2014 bk 11pSSISM2839r2017-09-18 00:00:00w2017-09-18yBK